000 01342nam1a22003251 4500
001 RU\NLR\A2V1719\5387
005 20251214183028.0
035 _a(NLR Aleph) 009847188
090 _a10334160
_c10334160
100 _a20251214 rusy50
101 0 _ager
102 _aRU
200 1 _aSamlungen historischer Nachrichten über die mongolischen Völkerschaften
_fDurch P.S. Pallas, D.A.D. Professor ...
210 _aSt. Petersburg [Sankt-Peterburg]
_cGedruckt bey der Kayserlichen Akademie der Wissenschaften
_d1776-1801
215 _d4°(26 см)
304 _aОбщ. загл. Th. 2: Sammlungen ...
463 0 _1001RU\NLR\A2V1719\5388
_913487814
_d1776
_pXVI, 232 с., [14] л. ил.
_tSamlungen historischer Nachrichten über die mongolischen Völkerschaften. - Th. 1
463 0 _1001RU\NLR\A2V1719\5389
_913487815
_d1801
_p[2], X, 438, [2] с., [23] л. ил.
_tSamlungen historischer Nachrichten über die mongolischen Völkerschaften. - Th. 2
517 1 _aSammlungen ...
620 _dSankt-Peterburg
700 1 _aPallas
_bP.S.
_f1741-1811
_gPeter Simon
_4070
712 0 2 _aAkademie der Wissenschaften
_cPetersburg
_bDruckerei
_4390
801 0 _aRU
_bNLR
_c20050928
852 _aNLR
_j13.3.5.58
852 _aNLR
_jОЛСАА (Th. 1)
942 _cBOOK
980 _aNB
980 _ain1719v